LEADER 01274nam a2200277 i 4500 001 000000245238 003 CaOOAMICUS 005 20150930000000.0 008 150930s1963 it u000 u ita u 013 $a224143 040 $aSeMil$bita 100 1 $aCuttaz, François .$0(OLS)http://semarc/name/23501 240 10$aRites de Notre incorporation au Christ.$0(OLS)http://semarc/title/346972 245 12$aI riti della nostra incorporazione in Cristo :$bspiegazione delle cerimonie del Battesimo /$cMons. François Cuttaz. 260 $aCatania :$bPaoline,$ccopyr. 1963. 300 $a131 p. ;$c18 cm. 490 0 $aLiturgia e vita cristiana. Seconda serie ;$v9 500 $aFondo card. Giovanni Colombo. 650 4$aBattesimo - Catechesi.$0(OLS)http://semarc/subject/1396 830 0$aLiturgia e vita cristiana. 2. serie ;$v9.$0(OLS)http://semarc/title/23006 850 $aSeMil 852 $aSeMil$W1$xVenegono$y1$m3GC II 371$j195584$B195584$CSeMilBibl$Z2$F206267 $8B 941 1 $a3 961 $aLascito: Colombo Card. Giovanni 996 $6245$aI riti della nostra incorporazione in Cristo :$bspiegazione delle cerimonie del Battesimo$9(OLS)http://semarc/title/346971 996 $6260$aCatania :$bPaoline$9(OLS)http://semarc/publisher/31797 LEADER 01215nam a2200217 i 4500 001 000000007085 003 CaOOAMICUS 005 20180830125438.0 008 180830s2000 be u000 u und u 040 $aSeMil$bita 245 10$aSerta mediaevalia :$btextus varii saeculorum 10.-13. in unum collecti /$ccura et studio R. B. C. Huygens. 260 $aTurnhout :$bBrepols,$c2000. 300 $a2 v. (956 p.) ;$c26 cm. 650 4$aLetteratura cristiana - Medioevo.$0(OLS)http://semarc/subject/1143 650 4$aEpistolografia - Sec. 10.-13.$0(OLS)http://semarc/subject/1144 650 4$aLetteratura latina medievale - Sec. 10.-13.$0(OLS)http://semarc/subject/1145 700 1 $aHuygens, Robert Burchard Constantijn,$d<1931- >.$0(OLS)http://semarc/name/3603 774 0 $tTractatus et epistulae.$dTurnhout : Brepols, 2000.$kCorpus Christianorum. Continuatio Mediaevalis$z2-503-04711-4$g1$w()89407 774 0 $tPoetica ; Indices.$dTurnhout : Brepols, 2000.$kCorpus Christianorum. Continuatio Mediaevalis$z2-503-04713-0$g2$w()89416 996 $6245$aSerta mediaevalia :$btextus varii saeculorum 10.-13. in unum collecti$9(OLS)http://semarc/title/9495 996 $6260$aTurnhout :$bBrepols$9(OLS)http://semarc/publisher/29626